| 000 | 00511cam a22002172a 4500 | ||
|---|---|---|---|
| 001 | 024673 | ||
| 003 | AR-FADEU | ||
| 008 | 311216n1976####xxu####################dd | ||
| 020 | _a84-206-2047-5 | ||
| 092 |
_a001 _bH491-2 _eBDT |
||
| 100 | _aHempel, Carl G. | ||
| 245 | _aFilosofĂa de la ciencia natural | ||
| 250 | _a2a. ed | ||
| 260 | _aMadrid | ||
| 260 | _bAlianza | ||
| 260 | _c1976 | ||
| 300 | _a168 p | ||
| 440 | _aAlianza universidad | ||
| 650 | _aCIENCIA; INVESTIGACION/BDT/ | ||
| 942 | _cBDT | ||
| 999 |
_c30360 _d30360 |
||